000 00901nas a2200289 4500
001 BR2011000268
003 BR-BrBNA
005 20231205114407.0
007 ta
008 230509b bl.|||p| |||| 00| 00por d
040 _aBR-BrBNA
_bpor
_cBiblioteca Nacional de Agricultura
041 _a(Pt)
072 _aF06; F50
100 1 _aLobo, F. de A.
100 1 _aOrtiz, C.E.R.
100 1 _aLucena, I.C. de
100 1 _aArduin, M.
245 1 _aEfeito da irrigação e da ontogenia sobre a estimativa da área foliar de Hancornia speciosa gomez (mangabeira)
650 _aMANGABA
650 _aHANCORNIA SPECIOSA
650 _aIRRIGAÇÃO
650 _aCRESCIMENTO
650 _aÁREA FOLIAR
773 0 _tRevista Brasileira de Fruticultura (Brazil)
_xISSN 0100-2945
_g(Sep 2010), v. 32(3) p. 754-762
_wBR2011000268
909 _a202311
_bLúcia
_c55
_dLúcia Elande
942 _2AGRIS
_n0
_cANA
999 _c208570
_d208570